| 000 | 01413cam a2200337 i 4500 | ||
|---|---|---|---|
| 999 |
_c28368 _d28339 |
||
| 001 | 19048521 | ||
| 003 | EG-ScBUE | ||
| 005 | 20200318124923.0 | ||
| 008 | 160408t2017 caua f b 001 0 eng d | ||
| 020 | _a9781483316147 (pbk. : alk. paper) | ||
| 040 |
_aDLC _beng _erda _cDLC _dDLC _dEG-ScBUE |
||
| 082 | 0 | 0 |
_a363.348068 _bSTT _222 |
| 100 | 1 |
_aSt. John, Burton, _d1957- _eauthor. _939819 |
|
| 245 | 1 | 0 |
_aCrisis communication and crisis management : _ban ethical practice / _cBurton St. John III, Old Dominion University, Yvette E. Pearson, Old Dominion University. |
| 264 | 1 |
_aLos Angeles : _bSAGE Publications, _c[2017] |
|
| 264 | 4 | _cc2017 | |
| 300 |
_axvi, 208 pages : _billustrations ; _c26 cm |
||
| 336 |
_atext _2rdacontent _btxt |
||
| 337 |
_aunmediated _2rdamedia _bn |
||
| 338 |
_avolume _2rdacarrier _bnc |
||
| 504 | _aIncludes bibliographical references and index. | ||
| 520 | _aThe first text to introduce students to the fundamentals of crisis communication using an ethical approach. | ||
| 650 | 7 |
_aCommunication in crisis management. _2BUEsh |
|
| 650 | 7 |
_aCrisis management. _2BUEsh |
|
| 653 |
_bCOMAME _cMarch2020 |
||
| 655 |
_vText book _933728 |
||
| 700 | 1 |
_aPearson, Yvette E., _eauthor. |
|
| 906 |
_a7 _bcbc _corignew _d1 _eecip _f20 _gy-gencatlg |
||
| 942 |
_2ddc _cTXT |
||